| 000 | 00451nam a2200181Ia 4500 | ||
|---|---|---|---|
| 003 | GCL | ||
| 008 | 140319s9999 xx 000 0 eng d | ||
| 040 |
_aGCL / _cGCL |
||
| 082 | 0 | 4 |
_a709.1 _bA A |
| 100 | 1 | _aATASOY, NARBAN | |
| 245 | 1 | 0 |
_aL'ART DE L'ISLAM / _cATASOY, NARBAN |
| 260 |
_a[S.N] : _bSNESCO FLAMMARION ، _c1990 |
||
| 300 | _a175P | ||
| 650 | 0 | 4 | _aMOSQUES |
| 650 | 0 | 4 | _aISLAM - ARCHETICTURE |
| 650 | 0 | 4 | _aISLAM - ARTS |
| 942 |
_2ddc _cBK |
||
| 999 |
_c10337 _d10337 |
||